Robots de fiction - Statistiques

Statistiques générales
  • Ce quiz a été pris 33 fois
  • Le résultat moyen est 18 sur 60
Statistiques - réponses
Robot de fiction Univers % Correct
Astroboy Astroboy
90%
R2D2 Star Wars
90%
Ultron Avengers
86%
Optimus Prime Transformers
86%
Metal Sonic Sonic The Hedgehog
83%
EVE Wall-E
72%
Mechagodzilla Godzilla
69%
Baymax Les Nouveaux Héros
69%
Géant de fer Le Géant de fer
66%
Mega Man Mega Man
66%
Clank Ratchet et Clank
62%
T-800 Terminator
55%
Doraemon Doraemon
52%
C-16 Dragon Ball Z
48%
Glados Portal
48%
RoboGadget Inspecteur Gadget
45%
Bender Futurama
41%
Claptrap Borderlands
38%
Haro Mobile Suit Gundam
38%
Pacifista One Piece
38%
Genos One Punch Man
38%
RX-78- Gundam Gundam
34%
Bastion Overwatch
34%
Replicant Blade Runner
28%
Andromon Digimon
28%
EVA Neon Genesis Evangelion
28%
Blitzcrank League of Legends
24%
2B Nier Automata
24%
Filament Picsou
24%
Robot de Laputa Le Château dans le Ciel
21%
Monokuma Danganronpa
17%
K-9 Doctor Who
17%
Omnidroid Les Indestructibles
17%
Gipsy Danger Pacific Rim
17%
(Lieutenant-commandant) Data Star Trek
17%
Gardien à pied The Legend of Zelda: Breath of the Wild
17%
Bishop 341-B/ Evêque Alien
14%
Markus Detroit Become Human
14%
Polyrobo Half Life
14%
Alpha 5 Power Rangers
14%
Monika Doki Doki Litterature Club
10%
ROB 64 Star Fox
10%
Hal 9000 2001: Odyssée de l'Espace
7%
Cylon Battlestar Galactica
7%
Arale Norimaki Dr Slump
7%
Mister Handy Fallout
7%
Sonny (type NS-5) I, Robot
7%
Shérif Pas-un-Robot Le Film Lego
7%
Atom Real Steel
7%
ED(Enforcement Droid)-209 Robocop
7%
Titan Empereur Warhammer
7%
Mata Nui Bionicle
3%
Songbird Bioshock
3%
Motoko Kusanagi Ghost in the Shell
3%
Marvin Le Guide du voyageur galactique
3%
EDI Mass Effect
3%
Trépied martien La Guerre des Mondes
0%
Sektor Mortal Kombat
0%
Mimi Real Humans: 100% humain
0%
SIMON Tomb Raider
0%
Aucun quiz correspondant
Distribution des résultats
% des personnes avec chaque résultat
Percentile par nombre de réponses
Votre historique - résultats
Vous n’avez pas pris ce quiz